00965cas a2200253 a 4500001000500000005001700005008004100022025001200063035002400075035001800099040009100117042000800208043001200216070001800228072000900246082002100255245003200276260011300308300002500421651005000446710005600496776006600552785009300618151820211208233342.0770128d19731994bg ar s f0 a0eng  aB-208-S a(OCoLC)ocm02707629  a(BD-RjUL)1541 aDLCbengcDLCdOCoLCdMHdNSTdDNALdNSTdWaUdICRLdDLCdOCoLCdOCLCOdOCoLCdBD-RjUL apcc aa-bg---0 aHC440.8.A1B23 0aX70004a330.9549205bBES00aBangladesh economic survey. aDhaka :bMinistry of Finance, Economic Adviser's Wing, Govt. of the People's Republic of Bangladesh,c-1995. av. :bill. ;c26 cm. 0aBangladeshxEconomic conditionsvPeriodicals.1 aBangladesh.b Arthanaitika Upadeshṭā Bibhāga.08iOnline version:tBangladesh economic surveyw(OCoLC)60942594800tBangladesh economic review (Dhaka, Bangladesh : 1995)w(DLC) 95902837w(OCoLC)35163328